Bases para una respuesta de América Latina a la crisis internacional /

Zapisane w:
Opis bibliograficzny
1. autor: Alzamora Traverso, Carlos
Kolejni autorzy: Iglesias, Enrique V.
Format: Texto
Wydane: s.l.: CEPAL
Etykiety: Dodaj etykietę
Nie ma etykietki, Dołącz pierwszą etykiete!

MARC

LEADER 00000 a a2200000 04500
001 25182
003
040
090 |a 182100  
100 |a Alzamora Traverso, Carlos  
245 |a Bases para una respuesta de América Latina a la crisis internacional /  |c Carlos Alzamora Traverso 
260 |a s.l.:   |b CEPAL  
300 |a 72 p.  
700 |a Iglesias, Enrique V.  
999 |c 15828  |d 15828